Geometría universitaria /
Guardado en:
| Autor Principal: | |
|---|---|
| Formato: | Libro |
| Idioma: | Spanish English |
| Publicado: |
México :
Thomson Learning,
2002.
|
| Etiquetas: |
Agregar Etiqueta
Sin Etiquetas, Sea el primero en etiquetar este registro!
|
| LEADER | 00933nam a22002055a 4500 | ||
|---|---|---|---|
| 001 | MAT.inmabb003963 | ||
| 008 | 060629s2002####mx#a#####b####001#0#spa#d | ||
| 005 | 20130225090109.0 | ||
| 245 | 1 | 0 | |a Geometría universitaria / |c I. Martin Isaacs ; traducción Hugo Villagómez. |
| 260 | |a México : |b Thomson Learning, |c 2002. | ||
| 300 | |a xii, 222 p. : |b il. ; |c 23 cm. | ||
| 500 | |a Traducción de: Geometry for college students, Brooks/Cole Publishing, 2001. | ||
| 504 | |a Incluye referencias bibliográficas (p. 216-217) e índice. | ||
| 505 | 0 | |a 1. Lo básico -- 2. Triángulos -- 3. Círculos y rectas -- 4. Teorema de Ceva y temas relacionados -- 5. Métodos vectoriales de demostración -- 6. Construcciones geométricas. | |
| 020 | |a 9706861378 | ||
| 100 | 1 | |a Isaacs, I. Martin. | |
| 240 | 1 | 0 | |a Geometry for college students. |l Español |
| 084 | |a 00A05 (00-01 51-01) |2 msc2000 | ||
| 041 | 1 | |a spa |h eng | |
| 859 | |h 00A05 |i Is73 |p A-8318 |b BIB. MATEMATICA | ||
